Riadenie vzťahov so zákazníkom

Bibliographic Details
Main Authors: Dzurová, Mária (Author), Čimo, Jozef, 1942- (Author), Mariaš, Miroslav, 1950- (Author)
Format: Article
Language:Slovak
PhysicalDescription:Sch.
ISSN:1336-1732
Subjects:

MARC

LEADER 00000nab a2200000 a 4500
001 vtls008690873
003 SK-MaSNL
005 20260304144139.0
008 250505c2005 xo qr|p|||||||000 b|slo
015 |a SNBRB2006/04  |2 snkbucl 
035 |a (uuid)a51cba7d-b18a-459c-9cac-7b2863189163 
035 |a urn:nbn:sk:snk-abwzr 
035 |a (urnnbn)urn:nbn:sk:snk:ar-a04k86 
038 |a SNKBUCL 
040 |a SNKBUCL  |b slo  |c SNKBUCL  |e AACR2 
041 0 |a slo  |b eng 
044 |a xo  |c SK 
080 |a 658.89.012.43  |2 1997 
080 |a 339.138  |2 1997 
100 1 |a Dzurová, Mária  |4 aut  |9 12611 
245 1 0 |a Riadenie vzťahov so zákazníkom  |c Mária Dzurová, Jozef Čimo, Miroslav Mariaš 
300 |b Sch. 
504 |a Bibliogr. odkazy 
546 |a Res. angl., slov. 
650 0 7 |a manažment vzťahov so zákazníkmi  |2 snkbucl  |9 18756 
700 1 |a Čimo, Jozef,  |d 1942-  |4 aut  |9 86220 
700 1 |a Mariaš, Miroslav,  |d 1950-  |4 aut  |9 205464 
773 0 |t Nová ekonomika = The New Economy  |g Roč. 4., č. 4 (13) (2005), s. 38-48  |x 1336-1732 
850 |a Slovenská národná knižnica 
852 |a Slovenská národná knižnica 
954 |a odborná, vedecká literatúra pôvodná (slovenská)  |2 lita 
958 |a article2022 
958 |a NB 
958 |a OND 
958 |a EUIPO 
999 |c 2929639  |d 2931569